[Event "1st 4NCL International Open"]
[Site "Telford"]
[Date "2018.11.02"]
[Round "4"]
[White "Roberson, Peter T"]
[Black "Gormally, Daniel W"]
[Result "1/2-1/2"]
[WhiteElo "2396"]
[BlackElo "2482"]
[Annotator "TA"]
[PlyCount "82"]
[EventDate "2018.10.31"]
[EventType "swiss"]
[EventCountry "GBR"]
[SourceTitle "playchess.com"]
[Source "ChessBase"]
[SourceQuality "1"]

{[%evp 23,82,26,36,33,25,-9,-11,-12,22,13,35,0,0,0,0,0,0,0,0,0,0,0,0,0,0,0,0,0,0,-29,0,0,0,-1,0,7,2,0,0,0,0,0,3,0,0,0,0,0,0,0,0,0,0,0,0,0,0,0,0,0,0]} 1. e4 c5 2. c3 Nf6 3. e5 Nd5 4. Nf3 Nc6 5. Bc4 Nb6 6. Bb3 d5 7. exd6 e6 8. d4 cxd4 9. cxd4 Bxd6 10. O-O O-O 11. Nc3 Ne7 12. Re1 {B22: Sicilian: 2 c3} (12. Qe2 Bd7 13. Ne5 Bxe5 14. dxe5 Bc6 15. Bg5 Qe8 16. Rad1 Nbd5 17. Rd3 Ng6 18. Bxd5 exd5 19. Re1 Qe6 {½-½ (51) Zhigalko,S (2656)-Andreikin,D (2720) Berlin 2015}) 12... Bd7 {LiveBook: 6 Games} 13. Bc2 Nbd5 14. Ne4 $146 {White has an edge.} (14. Qd3 {seems wilder.} g6 15. Bh6 Re8 16. Bb3 Bc6 17. Bg5) ({Predecessor:} 14. Ng5 g6 15. Nge4 Bb4 16. Bh6 Re8 17. a3 Bxc3 18. bxc3 Nf5 19. Bg5 f6 {1-0 (43) Kotainy,J (2270)-Figura,A (2436) Apolda 2009}) 14... Bb4 15. Bd2 Ng6 16. Ne5 Rc8 17. a3 Bxd2 18. Qxd2 Nxe5 19. dxe5 Qc7 20. Rac1 {[#] Threatens to win with Ng5.} Qxe5 21. Ng5 Qf4 22. Qxf4 Nxf4 23. Bxh7+ Kh8 24. Rxc8 $1 Rxc8 25. Be4 f6 26. Nf7+ Kg8 27. Nd6 {The position is equal.} Rc7 28. g3 Nd5 29. f4 b6 30. f5 Ne7 $1 {[%cal Re6f5]} 31. fxe6 Bxe6 32. Bf3 Bf7 33. Kf2 Ng6 34. Nxf7 Kxf7 $11 {[%mdl 4096] Endgame KRB-KRN} 35. Bh5 f5 36. Rd1 {[#] Strongly threatening Rd6.} Rc6 37. Rd7+ Kf6 38. Bxg6 Kxg6 39. Kf3 Rc2 40. Rxa7 Rxb2 41. h4 Kf6 {Precision: White = 56%, Black = 85%.} 1/2-1/2

[Event "1st 4NCL International Open"]
[Site "Telford"]
[Date "2018.11.02"]
[Round "4"]
[White "Macklin, Paul"]
[Black "Munshi, Aditya"]
[Result "1/2-1/2"]
[WhiteElo "2361"]
[BlackElo "2117"]
[Annotator "TA"]
[PlyCount "112"]
[EventDate "2018.10.31"]
[EventType "swiss"]
[EventCountry "GBR"]
[SourceTitle "playchess.com"]
[Source "ChessBase"]
[SourceQuality "1"]

{[%evp 26,112,32,26,32,14,21,6,11,0,11,0,0,-29,0,0,0,0,0,0,29,33,62,62,62,57,60,57,70,69,62,64,58,40,39,19,19,0,81,81,81,81,81,81,81,81,81,81,81,47,81,46,97,44,55,44,81,63,52,36,53,34,79,79,79,79,247,80,81,89,89,104,112,112,127,112,112,0,112,112,112,79,88,0,0,0,0,0,0]} 1. e4 c6 2. d4 d5 3. exd5 cxd5 4. Bd3 Nc6 5. c3 Nf6 6. Bf4 Bg4 7. Qb3 Qd7 8. Nd2 e6 9. Ngf3 Bxf3 10. Nxf3 Bd6 11. Bxd6 Qxd6 12. O-O O-O 13. Rfe1 Rab8 {B13: Caro-Kann: Exchange Variation and Panov-Botvinnik Attack} (13... Nd7 14. a4 Rab8 15. a5 h6 16. Qa3 Qxa3 17. Rxa3 Rfc8 18. g3 Kf8 19. Rea1 Ke7 20. Rb3 b6 21. axb6 axb6 {1-0 (52) Jumabayev,R (2612)-Saric,I (2669) Riadh 2017}) 14. a4 {LiveBook: 10 Games} Qc7 15. Re2 a6 $146 ({Predecessor:} 15... Rfc8 16. Qa2 Qf4 17. Rb1 a6 18. a5 Qc7 19. Ra1 Nd7 20. h3 Nf8 21. Ree1 {0-1 (36) Stoll,K (1818)-Schuster,G (1997) Ditzingen 2015}) 16. Qc2 h6 17. Rae1 Rfc8 18. Qd2 b5 19. Ne5 Nxe5 20. dxe5 Nd7 21. axb5 axb5 22. Re3 Nc5 23. Bb1 Ne4 24. Bxe4 dxe4 25. Rxe4 Rd8 26. Qe3 Rd5 27. Rg4 {Black must now prevent Qxh6.} Rbd8 28. h3 {Strongly threatening Qxh6.} Kh8 29. Qg3 Rd3 30. Re3 Rxe3 $1 31. fxe3 $11 {[%cal Bf2e3,Be3d4][%mdl 4128] Endgame KQR-KQR} g6 (31... Rd1+ $11 32. Kh2 g6) 32. Rd4 $16 Rxd4 33. exd4 {KQ-KQ} ({Much weaker is} 33. cxd4 $6 Qc1+ 34. Kh2 Qxb2 $11) 33... Qc4 34. Qe3 Kg7 35. Kf2 Qb3 36. Qd2 Qc4 37. Ke1 Qb3 38. Ke2 Qc4+ (38... Qa2 $14) 39. Kd1 ({Better is} 39. Kf2 $16) 39... Qb3+ 40. Kc1 Qa2 41. Kc2 Qa4+ 42. Kb1 Qc4 43. Qc2 Qf1+ 44. Ka2 Qc4+ {[#]} 45. b3 $1 {[%cal Rb3c4]} Qd5 $2 {[#]} (45... Qc7 $16 {was necessary.}) 46. Qf2 $2 (46. Ka3 $1 $18 {and the rest is easy.}) 46... Qc6 47. Kb2 Kg8 48. Qf3 Qd7 49. Qe4 Qa7 50. Qd3 Qb7 51. Qf3 ({White should play} 51. Qd2 $16) 51... Qc7 (51... Qd7 $1 $11 {remains equal.}) 52. Qa8+ Kg7 53. Qa6 Qd7 54. Ka3 (54. Qd6 $16 Qb7 55. d5) 54... Qd5 $11 {The position is equal.} 55. g4 Qf3 56. Kb4 Qxh3 {Precision: White = 32%, Black = 55%.} 1/2-1/2

[Event "1st 4NCL International Open"]
[Site "Telford"]
[Date "2018.11.02"]
[Round "4"]
[White "Ravi, Teja S."]
[Black "Hebden, Mark L"]
[Result "1-0"]
[WhiteElo "2357"]
[BlackElo "2426"]
[Annotator "TA"]
[PlyCount "65"]
[EventDate "2018.10.31"]
[EventType "swiss"]
[EventCountry "GBR"]
[SourceTitle "playchess.com"]
[Source "ChessBase"]
[SourceQuality "1"]

{[%evp 18,65,-4,0,0,-18,47,46,163,141,263,262,231,241,233,243,241,233,241,239,238,203,265,243,360,355,465,470,466,448,595,449,415,337,325,270,254,251,261,252,252,256,352,346,384,390,423,380,366,377]} 1. d4 Nf6 2. Nf3 g6 3. c4 Bg7 4. g3 O-O 5. Bg2 d6 6. O-O Nbd7 7. Nc3 e5 8. dxe5 dxe5 9. Qb3 {E67: Königsindisch (Hauptvariante des g3-Systems ohne e2-e4)} (9. h3 c6 10. Qc2 Qc7 11. Rd1 Re8 12. e4 a5 13. Be3 Bf8 14. Na4 b6 15. c5 b5 16. Nb6 Rb8 17. Nxc8 Rbxc8 18. h4 {0-1 (65) Vakhidov,J (2578)-Jobava,B (2669) Almaty 2016}) 9... c6 10. Rd1 {LiveBook: 4 Partien} Qe7 11. Ng5 {Die Stellung ist ausgeglichen.} Nb6 $146 ({Besser ist} 11... Ne8 $11) ({Vorgänger:} 11... h6 12. Nge4 Nxe4 13. Nxe4 Nf6 14. Nxf6+ Qxf6 15. Be3 Qe7 16. Rd2 f5 17. f4 exf4 18. Bxf4 Re8 19. Re1 Be6 20. Red1 Qf7 21. Qc2 Bf8 22. b3 Bd6 23. Rxd6 {1-0 (23) Keevil,P (1980)-Koltygin,D (1900) IECG email 1999}) 12. a4 $14 {[%cal Ba2a4,Ba4a5][%mdl 32]} Qc5 {[#]} (12... Nbd7 $14) 13. a5 $1 $18 {[%cal Ra5b6]} Nxc4 (13... Nbd7 $16 14. Be3 Qe7) 14. Nge4 Nxe4 15. Nxe4 Qb5 16. Qxb5 cxb5 17. b3 f5 18. bxc4 {La3 ist eine echte Drohung.} fxe4 19. cxb5 Bg4 20. Kf1 ({Finger weg von} 20. Bxe4 $6 Bxe2 21. Be3 Bf3 $18) 20... Rfd8 (20... Bf5 {ist eine bessere Verteidigung.} 21. h3 h5) 21. Be3 b6 22. Bxe4 Bh3+ 23. Kg1 Rxd1+ 24. Rxd1 Rb8 25. axb6 axb6 26. f3 {[%cal Bf2f3,Bf3f4][%mdl 32]} Be6 27. Rd6 Bc4 28. Bd5+ ({Viel schwächer ist} 28. Rxb6 $6 Rxb6 29. Bxb6 Bxb5 $16) 28... Bxd5 29. Rxd5 e4 30. f4 ({Keinesfalls} 30. fxe4 Bf8 $18) 30... Bc3 31. Bd4 Ba5 32. Rd6 Kf7 33. Kf2 {Precision: Weiß = 82%, Schwarz = 40%.} 1-0

[Event "1st 4NCL International Open"]
[Site "Telford"]
[Date "2018.11.02"]
[Round "4"]
[White "Wall, Tim P"]
[Black "Stepanyan, Henrik"]
[Result "0-1"]
[WhiteElo "2253"]
[BlackElo "2158"]
[Annotator "TA"]
[PlyCount "90"]
[EventDate "2018.10.31"]
[EventType "swiss"]
[EventCountry "GBR"]
[SourceTitle "playchess.com"]
[Source "ChessBase"]
[SourceQuality "1"]

{[%evp 15,90,-8,-7,-16,15,20,41,35,43,39,34,-41,-41,-117,-119,-309,-293,-282,-194,-182,-94,-191,-147,-136,-115,-108,-9,-16,0,-79,0,-75,-17,-98,-96,-117,-40,-152,-116,-118,-118,-118,-118,-230,-229,-242,-115,-190,-186,-242,0,-2,0,-233,-202,-242,-242,-235,-235,-245,-217,-645,-247,-238,-243,-662,-419,-821,-403,-29977,-29971,-29970,-178,-29997,-29998,-29998,-29999]} 1. d4 d5 2. Bf4 Nf6 3. e3 e6 4. Nd2 Bd6 5. Bg3 O-O 6. Bd3 c5 7. c3 Nc6 8. Ngf3 b6 9. Qe2 {D02: 1 d4 d5 2 Nf3 sidelines, including 2...Nf6 3 g3 and 2...Nf6 3 Bf4} (9. e4 Be7 10. e5 Nh5 11. Nf1 cxd4 12. Nxd4 Nxd4 13. cxd4 g6 14. Ne3 f5 15. exf6 Bxf6 16. Be2 Nxg3 17. hxg3 {½-½ (37) Nakamura,H (2787)-Svidler,P (2760) Moscow 2018}) 9... Qc7 10. e4 {Black must now prevent e5.} dxe4 11. Nxe4 {White is slightly better.} Nxe4 12. Bxe4 cxd4 13. cxd4 $146 (13. Nxd4 $14 Nxd4 14. Qd3 (14. cxd4 Rb8 $11)) ({Predecessor:} 13. Rd1 Bb7 14. Nxd4 Nxd4 15. Rxd4 Bxg3 16. hxg3 Bxe4 17. Qxe4 {½-½ (46) Skoberne,J (2555)-Guid,M (2347) Slovenia 2016}) 13... Nb4 $15 14. Ng5 (14. O-O $15 Ba6 15. Qd2 Bxf1 16. Bxa8 Rxa8 17. Rxf1) 14... h6 $1 $17 15. Nh7 $2 (15. O-O $17 Ba6 16. Qd2 Bxf1 17. Bxa8) 15... Ba6 $19 16. Nf6+ Kh8 17. Qd2 Qe7 (17... Rac8 $1 $19 {aiming for ...Rfd8.} 18. a3 Nd5 19. Bxd5 exd5 20. Nxd5 Qd7) 18. O-O-O ({But not} 18. Bxa8 $2 Nd3+ 19. Kd1 Bxg3 $19) (18. a3 $17 Nd5 19. Ng4) 18... Rac8+ 19. Kb1 Bc4 20. a3 {Black should prevent Bxd6.} Nd5 (20... Bxg3 $17 21. fxg3 Qxf6 22. Qxb4 Rfd8) 21. Nxd5 $1 $11 exd5 22. Bxd6 (22. Bf5 $11 {keeps the balance.}) 22... Qxd6 (22... Qxe4+ $17 23. Ka1 Rfe8) 23. Bf5 (23. Bc2 $1 $11) 23... Rce8 (23... Rb8 $17) 24. Bd3 (24. Rde1 $11 {remains equal.}) 24... b5 $17 25. g3 Qb6 (25... Rb8 $17 26. Qb4 Bxd3+ 27. Rxd3 Qg6) 26. Qc3 (26. Rhe1 $15) 26... Rc8 27. b3 {next Bf5 is good for White.} Bxd3+ 28. Qxd3 b4 {Threatens to win with ...Rc3.} 29. axb4 (29. Rc1 $17) 29... Qxb4 $19 {...Rc3 is the strong threat.} 30. Rc1 Rb8 (30... Qa3 $19 31. g4 Kg8) 31. Kb2 {[#]} (31. Ka2 $17) 31... a5 $1 32. Rc3 (32. Qc3 {was worth a try.}) 32... Qd6 $2 (32... a4 $19 {Strongly threatening ...Rfe8.} 33. Ra1 Rfe8) 33. Ra1 $1 $11 Qb4 34. Ra3 $2 {[#]} (34. Rh1 $1 $11) 34... a4 $1 $19 35. Ka2 axb3+ 36. Rcxb3 Qe1 37. Qe3 Qh1 38. Qe5 $2 (38. Rxb8 Rxb8 39. Rb3 Ra8+ 40. Ra3) 38... Rxb3 $2 (38... Rbc8 39. Qe2 Qc1) 39. Rxb3 {intending Rb8.} Qxh2 {[%mdl 4096] Endgame KQR-KQR} 40. Rf3 $2 (40. Qe2) 40... Qh1 41. Qxd5 (41. Qd6 $142 Ra8+ 42. Ra3) 41... Qd1 (41... Rb8 $142 {( -> ...Qb1+)} 42. Qb3 Rxb3 43. Rxb3 Qd5) 42. Rxf7 (42. Rb3 $19 Qc2+ 43. Ka3) 42... Qa4+ 43. Kb2 Rb8+ $2 (43... Rc8 {mates} 44. Rc7 Qb4+ 45. Qb3 Qxb3+ 46. Kxb3 Rxc7 47. Kb4 Kg8 48. Kb5 Rc2 49. f3 Rc3 50. g4 Rxf3 51. Kc4 Rg3 52. d5 Rxg4+ 53. Kd3 Kf7 54. d6 Ke6 55. d7 Kxd7 56. Ke2 h5 57. Kd3 Ke6 58. Ke3 h4 59. Kf3 Kf5 60. Ke3 h3 61. Kd2 h2 62. Kd3 h1=Q 63. Kd2 Qh3 64. Kd1 Rg2 65. Ke1 Qh1#) 44. Kc1 $2 (44. Rb7 $19 Rxb7+ 45. Qxb7 Qxd4+ 46. Kb3) 44... Qa3+ 45. Kd2 Rb2+ {Precision: White = 14%, Black = 42%.} 0-1

[Event "1st 4NCL International Open"]
[Site "Telford"]
[Date "2018.11.02"]
[Round "4"]
[White "Richardson, John R"]
[Black "Eggleston, David J"]
[Result "1-0"]
[WhiteElo "2213"]
[BlackElo "2406"]
[Annotator "TA"]
[PlyCount "85"]
[EventDate "2018.10.31"]
[EventType "swiss"]
[EventCountry "GBR"]
[SourceTitle "playchess.com"]
[Source "ChessBase"]
[SourceQuality "1"]

{[%evp 18,85,8,0,0,1,9,0,4,-27,-26,-27,-32,-26,-16,-18,-19,-53,-3,-25,0,-7,31,0,0,0,43,-52,-50,-56,-52,-51,-58,-59,-56,-61,-54,-36,-12,-12,-12,-14,3,0,0,-24,0,0,0,0,0,0,0,0,14,0,0,0,0,0,7,0,78,68,29989,29990,29990,29991,29992,29993]} 1. d4 Nf6 2. c4 e6 3. Nc3 Bb4 4. e3 O-O 5. Nge2 d5 6. a3 Bd6 7. c5 Be7 8. b4 b6 9. Nf4 c6 {E46: Nimzo-Indian: Rubinstein: 4 e3 0-0 5 Ne2 without early Bd3} (9... a5 10. Bb2 axb4 11. axb4 Rxa1 12. Bxa1 Nc6 13. b5 Nxd4 14. exd4 bxc5 15. dxc5 Bxc5 16. Bd3 d4 17. Ne4 {½-½ (44) Navara,D (2735)-Cheparinov,I (2681) Jerusalem 2015}) 10. Be2 {LiveBook: 38 Games} bxc5 11. bxc5 e5 {The position is equal.} 12. dxe5 $146 ({Predecessor:} 12. Nd3 e4 13. Ne5 Qc7 14. f4 exf3 15. Nxf3 Bg4 16. O-O Nbd7 17. Qc2 {½-½ (42) Jovanic,O (2447)-Potkin,V (2534) Pardubice 2005}) 12... Nfd7 13. e6 Nxc5 14. exf7+ Rxf7 15. O-O Nbd7 16. Na4 Rb8 17. Bd2 a5 18. Rc1 Bd6 19. g3 Kh8 20. Be1 (20. Bc3 {with more complications.} Ne4 21. Bd4 Ne5 22. f3 Ng5 23. Nc5) 20... Nxa4 21. Qxa4 Nb6 {[%cal Bd7b6,Bb6a4,Ba4b2][%mdl 32]} 22. Bxa5 (22. Qd4 $14) 22... Nxa4 $15 23. Bxd8 Bxf4 $1 24. gxf4 Bh3 $1 {[%csl LRd8,LRf1]} 25. Bh4 Bxf1 26. Kxf1 c5 27. Bd1 Nb2 28. Bf3 d4 29. Rxc5 d3 30. Ke1 Ra7 31. f5 Rd7 32. Kd2 $1 {aiming for Rc1.} Na4 33. Rd5 Rxd5 34. Bxd5 $11 {[%mdl 4096] [#] Endgame Black must now prevent f6. KRN-KB} Nc5 35. Kc1 {f6 is the strong threat.} Nd7 36. Kd2 Ne5 37. f6 {[%cal Bf5f6,Bf6f7][%mdl 32] Threatens to win with f7.} Rb2+ 38. Kd1 {And now f7 would win.} g5 39. Bg3 Ng4 {[#]} (39... Rb1+ $1 $11 {remains equal.} 40. Kd2 Rb2+ 41. Kc3 Rc2+ 42. Kb4 Rb2+ 43. Kc3 Rc2+ 44. Kb4 Rb2+ 45. Kc3) 40. f7 $1 $16 {[%cal Rf7f8]} Nxf2+ $2 {[%mdl 8192]} (40... Kg7 $14) 41. Kc1 {[%cal Rf7f8] White mates.} Rc2+ 42. Kb1 {[%cal Rf7f8]} Kg7 43. Be5+ {Precision: White = 55%, Black = 51%.} 1-0

[Event "1st 4NCL International Open"]
[Site "Telford"]
[Date "2018.11.02"]
[Round "4"]
[White "Hill, Alistair"]
[Black "White, Stuart A"]
[Result "1-0"]
[WhiteElo "2203"]
[BlackElo "2113"]
[Annotator "TA"]
[PlyCount "61"]
[EventDate "2018.10.31"]
[EventType "swiss"]
[EventCountry "GBR"]
[SourceTitle "playchess.com"]
[Source "ChessBase"]
[SourceQuality "1"]

{[%evp 14,61,0,-8,-8,-16,25,24,75,25,35,0,108,112,128,121,126,0,171,1,1,-20,94,93,225,222,476,475,447,60,67,70,116,108,202,48,206,118,408,158,534,535,537,546,546,546,541,530,1269,1247]} 1. c4 e6 2. g3 d5 3. Nf3 Nf6 4. Bg2 dxc4 5. O-O Nbd7 (5... c5 6. Na3 Be7 7. Nxc4 Nc6 8. b3 O-O 9. Bb2 Bd7 10. d4 cxd4 11. Nxd4 Rc8 12. Nb5 a6 13. Nbd6 Rc7 14. Rc1 Qb8 15. e4 b5 16. e5 Nd5 17. Bxd5 exd5 {1-0 (31) Wei,Y (2743)-Yu,Y (2751) Shenzhen 2017}) 6. Na3 {A13: English Opening: 1...e6} Bxa3 7. bxa3 Nb6 8. Bb2 {LiveBook: 6 Games. The position is equal.} O-O 9. Qc2 Qe8 $146 ({Predecessor:} 9... Bd7 10. Ng5 Ba4 11. Qb1 Nbd7 12. Rc1 c6 13. Bxf6 Nxf6 14. Qxb7 Qxd2 {½-½ (27) Angelov,R (2338)-Oates,R (2496) ICCF email 2006}) 10. Rfc1 Qb5 (10... Bd7 $11 {remains equal.}) 11. Rab1 (11. a4 $5 {[%cal Ra4b5]} Qa6 12. Bxf6 gxf6 13. Qc3 $14) 11... Qh5 12. Be5 Ng4 (12... Ne8 $11 {keeps the balance.}) 13. Bxc7 $16 Qc5 14. Bxb6 $1 axb6 {[#]} 15. Qxc4 (15. e3 $1 $16) 15... Qxf2+ $11 16. Kh1 e5 17. e3 {Rf1 is the strong threat.} e4 (17... Be6 $11 18. Qb4 Rfd8) 18. Rf1 $16 (18. Qxe4 $6 Qe2 $11) 18... Be6 (18... exf3 $16 19. Rxf2 Nxf2+ 20. Kg1 Be6) 19. Qxe4 $18 Qe2 $2 (19... Ra5 20. Qxb7 (20. Rxb6 $2 Qxf1+ 21. Bxf1 Nf2+ 22. Kg1 Nxe4 $19) 20... Qe2) 20. Ng5 {[%csl Gg5][%cal Re4h7] [#]} g6 21. Qf3 $2 (21. Nxe6 $18 fxe6 22. Qxe6+ Kh8 23. h3 Nf2+ 24. Kh2) 21... Qxf3 $14 22. Bxf3 Bd7 23. Rxb6 Rxa3 (23... Ne5 $16) 24. Bd5 $2 ({Much less strong is} 24. Bxb7 $6 Rxa2 25. Rd6 Bb5 $16) ({Only move:} 24. Rxb7 $18 Ne5 25. Bd5) 24... Ne5 $2 (24... Rd3 $14 25. e4 (25. Bxf7+ Kg7 $11) 25... Bc6) 25. d4 $36 {[%mdl 2048] White is really pushing.} ({White should play} 25. Rxb7 $18 Rd3 26. e4 Rxd2 27. Kg1) 25... h6 $2 {[%mdl 8192]} (25... Bc6 $16 {might work better.} 26. Bxc6 (26. dxe5 Bxd5+ 27. e4 Bc6 $15) 26... Nxc6) 26. Ne4 $2 (26. dxe5 $18 {has better winning chances. Rxg6+ would kill now.} hxg5 27. Rxg6+ (27. Rxb7 Be6 $16) 27... Kh7 28. Rgf6 (28. Bxf7 Bb5 $17)) 26... Bc6 $2 (26... Bh3 $16 {is a better chance.}) 27. Nf6+ $18 {White is clearly winning.} Kg7 28. dxe5 Rxe3 29. Bxc6 bxc6 30. Rxc6 Rxe5 31. Nd7 {Precision: White = 40%, Black = 15%.} 1-0

[Event "1st 4NCL International Open"]
[Site "Telford"]
[Date "2018.11.02"]
[Round "4"]
[White "Ferrington, Nigel M"]
[Black "Clark, Robert G"]
[Result "1/2-1/2"]
[WhiteElo "2130"]
[BlackElo "2025"]
[Annotator "TA"]
[PlyCount "63"]
[EventDate "2018.10.31"]
[EventType "swiss"]
[EventCountry "GBR"]
[SourceTitle "playchess.com"]
[Source "ChessBase"]
[SourceQuality "1"]

{[%evp 14,63,-17,-11,26,0,0,0,64,0,0,-5,0,-8,-11,-8,0,0,0,-31,-35,-80,-79,-74,-70,-89,-15,-10,0,-62,0,0,0,0,0,0,0,0,0,0,0,0,0,0,0,-9,0,-43,-5,-48,-8,-15]} 1. e4 e6 2. d4 d5 3. Bd3 dxe4 4. Bxe4 Nf6 5. Bf3 c5 6. Ne2 Be7 {C01: French: Exchange Variation} (6... Nc6 7. Be3 Nd5 8. Bxd5 Qxd5 9. Nbc3 Qxg2 10. Rg1 Qf3 11. Nb5 Rb8 12. dxc5 Bd7 13. Nc7+ Kd8 14. Nb5 {0-1 (54) Kramnik,V (2808)-Caruana,F (2808) Stavanger 2017}) 7. O-O O-O 8. Nbc3 {LiveBook: 7 Games} Nbd7 9. Be3 cxd4 10. Nxd4 Nb6 (10... Ne5 $11) 11. Ndb5 ({White should try} 11. Qe2 $14) 11... Nc4 $146 ({Predecessor:} 11... Nfd5 12. Nxd5 Nxd5 13. Bxd5 exd5 14. Nxa7 {0-1 (25) Vega Gutierrez,B (2218)-De la Hoz Sanchez,R (2037) Las Palmas 2010}) 12. Bxa7 Qxd1 13. Bxd1 (13. Rfxd1 {feels hotter.} Nxb2 14. Re1 Nc4 15. a4 Bb4 16. Bd4) 13... Nxb2 14. Be2 Bb4 {[#] Hoping for ...Bxc3.} 15. Bd4 Na4 16. Bxf6 gxf6 {[%cal Bg7f6,Bf6f5][%mdl 32]} 17. Ne4 f5 18. Ned6 Nc3 19. Nxc3 {[#] Strongly threatening Ncb5.} Bxc3 (19... Bxd6 $17 20. Rab1 Be5) 20. Rab1 Rxa2 21. Bd3 (21. Nxc8 $11 Rxc8 22. Rxb7) 21... Be5 (21... Bd7 $1 $15) 22. Nxc8 Rxc8 23. Rxb7 Ra1 24. Rxa1 Bxa1 {[%mdl 4096] Endgame KRB-KRB} 25. f4 Bd4+ 26. Kf1 Ra8 27. Ke2 Ra7 28. Rb8+ Kg7 29. Bc4 Rc7 30. Bb3 Bc5 31. Rb5 Kf6 32. Kf3 {Precision: White = 44%, Black = 41%.} 1/2-1/2

[Event "1st 4NCL International Open"]
[Site "Telford"]
[Date "2018.11.02"]
[Round "4"]
[White "Ahluwalia, Amardip"]
[Black "Gourlay, Iain"]
[Result "0-1"]
[WhiteElo "2085"]
[BlackElo "2358"]
[Annotator "TA"]
[PlyCount "108"]
[EventDate "2018.10.31"]
[EventType "swiss"]
[EventCountry "GBR"]
[SourceTitle "playchess.com"]
[Source "ChessBase"]
[SourceQuality "1"]

{[%evp 16,108,29,20,22,25,75,36,30,16,30,28,41,0,20,-42,-49,-39,-38,-49,-54,-79,-26,-25,-16,-16,19,-16,-20,-37,-33,-44,-42,-27,-37,-57,-35,-43,-44,-65,-43,-41,-43,-60,-63,-66,-64,-91,-91,-121,-121,-127,-121,-117,-120,-147,-139,-138,-142,-142,-132,-160,-155,-272,-262,-262,-154,-150,0,-261,-245,-240,-247,-250,-254,-229,-208,-278,-278,-288,-280,-274,-268,-262,-260,-356,-352,-360,-352,-1079,-1077,-1049,-1011,-872,-678]} 1. c4 e5 2. g3 d6 3. Bg2 f5 4. Nc3 Nf6 5. d3 Be7 6. Nf3 O-O 7. O-O Kh8 8. Rb1 {A21: Englische Eröffnung} c6 9. b4 {LiveBook: 5 Partien} a6 10. a4 {Die Stellung ist ausgeglichen.} Qc7 $146 ({Vorgänger:} 10... Be6 11. b5 axb5 12. axb5 Nfd7 13. Nd2 Bf6 14. Bb2 Nc5 15. Qc2 Qc7 16. bxc6 bxc6 {½-½ (31) Cheparinov,I (2687)-Stevic,H (2626) Bol 2013}) 11. Qc2 Be6 12. Bd2 Nbd7 {[%cal Bb8d7,Bd7e5,Be5c4][%mdl 32]} 13. Rfc1 Bg8 14. Qb2 e4 15. dxe4 (15. Ne1 $11) 15... fxe4 $15 16. Ng5 $1 Ne5 17. Ncxe4 Nxc4 18. Qd4 $1 Nxe4 (18... b5 $17 19. axb5 axb5) 19. Nxe4 $11 Nxd2 20. Qxd2 Qd7 21. Rd1 {[%cal Re4d6]} (21. Nc5 $5 {[%cal Rc5d7]} Qc7 22. Nb3 $11) 21... Qf5 {Und ...d5 würde nun gewinnen.} 22. Rf1 Rad8 23. Nc3 d5 24. e3 d4 25. exd4 Bg5 26. f4 Bf6 27. Ne2 Bc4 28. Rfe1 g5 $36 {[%mdl 2048] Schwarz steht aktiver.} 29. Rbc1 Bxe2 30. Qxe2 gxf4 31. gxf4 Rxd4 32. Rc4 Qxf4 33. Rxd4 Qxd4+ 34. Kh1 Qxb4 35. Qe4 Qxe4 36. Rxe4 $17 {[%mdl 4096] Endspiel KTL-KTL} Rd8 37. Kg1 Rd2 38. h3 Kg7 39. Rb4 (39. Kf1 $17) 39... Bd4+ $19 40. Kh2 Be5+ (40... b5 $19 41. axb5 cxb5) 41. Kg1 $17 Bd4+ (41... Rd7 $17 42. Bf3 Kf6) 42. Kh2 $1 $19 b5 43. axb5 cxb5 {[%cal Bc6b5,Bb5b4][%mdl 32]} 44. Kg3 Bf2+ 45. Kf3 Bc5 46. Rb1 b4 47. Bf1 a5 {[%cal Ba6a5,Ba5a4,Ba4a3,Ba3a2][%mdl 32]} 48. Bb5 Bd4 49. Ke4 Bc3 50. Kf3 Ra2 51. Ke4 a4 52. Kd3 $2 {[#]} (52. Rg1+ Kf6 53. Rf1+ Kg7 54. Rg1+ Kh6 55. Rd1) 52... Rd2+ {Schwarz steht klar auf Gewinn.} 53. Ke3 a3 54. Bc4 a2 {Precision: Weiß = 42%, Schwarz = 71%.} 0-1

[Event "1st 4NCL International Open"]
[Site "Telford"]
[Date "2018.11.02"]
[Round "4"]
[White "Ratnesan, Ranesh"]
[Black "Kulkarni, Rakesh"]
[Result "1-0"]
[WhiteElo "1994"]
[BlackElo "2297"]
[Annotator "ChessBase"]
[PlyCount "62"]
[EventDate "2018.10.31"]
[EventType "swiss"]
[EventCountry "GBR"]
[SourceTitle "playchess.com"]
[Source "ChessBase"]
[SourceQuality "1"]
[TimeControl "5400+30"]

1. d4 {[%emt 0:00:00]} Nf6 {[%emt 0:00:00]} 2. Bg5 {[%emt 0:00:00]} d5 {[%emt 0:00:31]} 3. Bxf6 {[%emt 0:00:40]} gxf6 {[%emt 0:00:05]} 4. e3 {[%emt 0:00:36]} Bg7 {[%emt 0:00:04]} 5. c4 {[%emt 0:03:06]} c6 {[%emt 0:01:51]} 6. Nc3 {[%emt 0:00:41]} O-O {[%emt 0:00:07]} 7. Qb3 {[%emt 0:06:46]} dxc4 {[%emt 0:01:49]} 8. Bxc4 {[%emt 0:00:14]} e5 {[%emt 0:00:18]} 9. Nge2 {[%emt 0:03:31]} b5 {[%emt 0:05:19]} 10. Bd3 {[%emt 0:02:53]} f5 {[%emt 0:00:50]} 11. Rd1 {[%emt 0:08:55]} Be6 {[%emt 0:02:14]} 12. d5 {[%emt 0:23:19]} cxd5 {[%emt 0:00:24]} 13. Bxb5 {[%emt 0:02:07]} a6 {[%emt 0:13:54]} 14. Ba4 {[%emt 0:10:11]} Nd7 {[%emt 0:00:13]} 15. Nxd5 {[%emt 0:04:36]} Nc5 {[%emt 0:08:13]} 16. Qa3 {[%emt 0:01:20]} Nxa4 {[%emt 0:08:55]} 17. Ne7+ {[%emt 0:00:35]} Qxe7 {[%emt 0:00:42]} 18. Qxe7 {[%emt 0:00:10]} Nxb2 {[%emt 0:00:05]} 19. Rd2 {[%emt 0:07:28]} Nc4 {[%emt 0:02:18]} 20. Rc2 {[%emt 0:00:15]} Rfe8 {[%emt 0:05:22]} 21. Qh4 {[%emt 0:01:41]} Rab8 {[%emt 0:06:02]} 22. O-O {[%emt 0:01:25]} Nd6 {[%emt 0:00:27]} 23. Qa4 {[%emt 0:01:30]} Rb6 {[%emt 0:01:25]} 24. Rd1 {[%emt 0:01:34]} Nb5 {[%emt 0:02:16]} 25. h3 {[%emt 0:02:04]} Bf8 {[%emt 0:00:22]} 26. Nc3 {[%emt 0:02:02]} Rc8 {[%emt 0:00:51]} 27. Nd5 {[%emt 0:01:58]} Rbc6 {[%emt 0:01:36]} 28. Rxc6 {[%emt 0:00:51]} Rxc6 {[%emt 0:00:02]} 29. Nf6+ {[%emt 0:00:21]} Kg7 {[%emt 0:00:07]} 30. Qh4 {[%emt 0:00:20]} h6 {[%emt 0:00:16]} 31. Rd8 {[%emt 0:01:45]} Bd6 {[%emt 0:00:58]} 1-0